000 00635nam a2200217 u 4500
005 20240425063941.0
008 130423s1995 r 000 0 eng d
020 _a9700310574
035 _aUPN01000190810
049 _aCG
050 4 _aLB2840
_bM3.4
245 0 0 _aMaestro de excelencia /
_ccomp. José P. Berrum de Labra.
260 _aMéxico :
_bFernández,
_c1995.
300 _a184 p. :
_bil.
650 7 _aMaestros
_xApreciación
_2
_9739
650 4 _aMAESTROS -
_zMEXICO -
_vBIBLIOGRAFIA
_9831
650 4 _aEnseñanza
_96215
700 1 _aBerrum de Labra, José P.,
_ecomp.
_934857
905 _aLibro
999 _c162913
_d162913